[Event "San Jose Santa Barbara qual"]
[Site "San Jose"]
[Date "2016.05.05"]
[Round "3.4"]
[White "Morales Beita, Daniel Alberto"]
[Black "Dinarte Villagra, Andres"]
[Result "1-0"]
[WhiteElo "1879"]
[BlackElo "1886"]
[PlyCount "68"]
[EventDate "2016.04.21"]
[EventType "swiss"]
[EventRounds "7"]
[EventCountry "CRI"]
[SourceTitle "EXT 2024"]
[Source "ChessBase"]
[SourceDate "2023.10.10"]
[SourceVersion "1"]
[SourceVersionDate "2023.10.10"]
[SourceQuality "1"]

1. c4 Nf6 2. Nf3 g6 3. d4 d5 4. e3 Bg7 5. Bd3 Bg4 6. h3 Bxf3 7. Qxf3 0-0 8. 0-0 c6 9. Nc3 Na6 10. a3 Nc7 11. Bd2 Qe8 12. Rad1 e5 13. dxe5 Qxe5 14. cxd5 Nfxd5 15. Nxd5 Nxd5 16. e4 Nf6 17. Bc3 Qe7 18. Bb4 c5 19. Bc3 Nd7 20. Bxg7 Kxg7 21. Bb5 Rad8 22. Bxd7 Rxd7 23. Qc3+ Kg8 24. Rxd7 Qxd7 25. Qxc5 b6 26. Qd5 Qxd5 27. exd5 Rd8 28. Rd1 Kg7 29. f4 Kf6 30. Kf2 g5 31. fxg5+ Kxg5 32. d6 Kf5 33. g3 Ke5 34. d7 Ke4 1-0